000 00538nam a2200169 i 4500
001 133489
003 ES-MaACL
005 20230906194426.0
007 t|
008 070816s1974 sp ||||1| spa d
100 1 _aWolf, Gerhard.
_9117226
245 1 0 _aElectrónica digital /
_cGerhard Wolf ; versión de la 3ª edición alemana por Carlos Sánchez Montoro.
260 _aBarcelona :
_bMarcombo,
_c[1974]
300 _aXVI, 309 p. :
_bil. ;
_c22 cm.
650 0 4 _aElectrónica digital.
_912167
852 _aES-MaACL
_jE-7056
_bR.91626
999 _c133489
_d133489